[Event "11th European Senior"]
[Site "Courmayeur ITA"]
[Date "2011.04.10"]
[Round "5.23"]
[White "Kierzek, Matthias, Dr."]
[Black "Norman, Dinah M"]
[Result "1/2-1/2"]
[BlackTitle "WCM"]
[WhiteElo "2135"]
[BlackElo "1924"]
[WhiteFideId "4647009"]
[BlackFideId "402621"]
[EventDate "2011.04.06"]

1. d4 d5 2. c4 c6 3. Nf3 Nf6 4. Nc3 e6 5. Bg5 Be7 6. e3 Nbd7 7. Rc1 h6 8. Bh4
O-O 9. Bd3 dxc4 10. Bxc4 b5 11. Bd3 Bb7 12. O-O a6 13. Bxf6 Nxf6 14. Ne4 Qd5 15.
Nxf6+ Bxf6 16. a3 Rac8 17. b4 Rfd8 18. Qc2 Qd6 19. Nd2 e5 20. Bf5 Rc7 21. Ne4
Qe7 22. Nxf6+ Qxf6 23. dxe5 Qxe5 24. Rfd1 Rxd1+ 25. Rxd1 Qf6 26. Qe4 g6 27. Qf4
Qe7 28. Bg4 Kh7 29. h4 Bc8 30. h5 Bxg4 31. hxg6+ fxg6 32. Qxg4 Qf7 33. Rd6 Qg7
34. g3 Qf7 35. Qd4 Qf5 36. Rd8 Rg7 37. e4 Qe6 38. Rd6 Qb3 39. Rxc6 Qxa3 40. e5
Qa2 41. e6 a5 42. Qf6 Qb1+ 43. Kh2 Qxb4 44. Rc8 Qg4 45. Qf8 Qh5+ 46. Kg2 Qd5+
47. Kg1 Qd1+ 48. Kh2 1/2-1/2

[Event "11th European Senior"]
[Site "Courmayeur ITA"]
[Date "2011.04.10"]
[Round "5.24"]
[White "Guillaumat, Jean-Pierre"]
[Black "Colombo, Paolo"]
[Result "0-1"]
[WhiteElo "1890"]
[BlackElo "2130"]
[WhiteFideId "620823"]
[BlackFideId "802379"]
[EventDate "2011.04.06"]

1. d4 Nf6 2. Nf3 d6 3. c4 c6 4. Nc3 Bg4 5. e4 Nbd7 6. Be2 e5 7. O-O Be7 8. Be3
O-O 9. h3 Bh5 10. Qc2 Qc7 11. Rac1 Rfe8 12. dxe5 dxe5 13. Nh2 Bg6 14. Nf3 Bc5
15. Nh4 Bxe3 16. fxe3 Qb6 17. Nxg6 Qxe3+ 18. Kh2 hxg6 19. Rf3 Qh6 20. Rg3 Nc5
21. Rd1 Rad8 22. Bf3 Qf4 23. Ne2 Qe3 24. Nc3 Rxd1 25. Qxd1 Qd4 26. Qxd4 exd4 27.
Ne2 Ncxe4 28. Nxd4 Nxg3 29. Kxg3 Ne4+ 30. Kf4 Nd2 31. b3 Nxf3 32. Kxf3 f6 33.
Nc2 Kf7 34. b4 a5 35. a3 axb4 36. axb4 Ra8 37. Ke4 Ra2 38. Kd3 Ke6 39. c5 Ke5
40. Kc3 Kf4 41. Kb3 Rxc2 42. Kxc2 Kg3 43. b5 Kxg2 44. Kc3 f5 45. Kb4 f4 46. bxc6
bxc6 0-1

[Event "11th European Senior"]
[Site "Courmayeur ITA"]
[Date "2011.04.10"]
[Round "5.25"]
[White "Laco, Giuseppe"]
[Black "Catalfamo, Santo"]
[Result "1-0"]
[WhiteElo "2128"]
[BlackElo "1918"]
[WhiteFideId "800880"]
[BlackFideId "866547"]
[EventDate "2011.04.06"]

1. d4 g6 2. e4 d6 3. c4 Bg7 4. Nc3 c6 5. Be3 Nf6 6. f3 O-O 7. Qd2 e5 8. d5 c5 9.
g4 a6 10. h4 h5 11. Bg5 Kh7 12. gxh5 gxh5 13. Nge2 Rh8 14. Ng3 Kg8 15. Rg1 Kf8
16. O-O-O Qa5 17. a3 Ne8 18. Bd3 Nc7 19. Nf5 Bxf5 20. exf5 b5 21. f6 Bh6 22.
Bxh6+ Ke8 23. Bf5 b4 24. Qg2 Kd8 25. Qg7 Re8 26. Qxf7 1-0

[Event "11th European Senior"]
[Site "Courmayeur ITA"]
[Date "2011.04.10"]
[Round "5.26"]
[White "Antonelli, Fabrizio"]
[Black "Quagliarella, Sabino Remo"]
[Result "1-0"]
[WhiteElo "2100"]
[BlackElo "1889"]
[WhiteFideId "815101"]
[BlackFideId "822469"]
[EventDate "2011.04.06"]

1. Nf3 Nf6 2. g3 g6 3. Bg2 Bg7 4. O-O O-O 5. c4 d6 6. Nc3 c6 7. d4 Nbd7 8. e4 e5
9. d5 Qc7 10. h3 h6 11. Be3 Ne8 12. Rc1 Ndf6 13. Qd2 Kh7 14. Rfd1 Bd7 15. c5
cxd5 16. Nxd5 Nxd5 17. cxd6 Qd8 18. Qxd5 Bc6 19. Qd3 f5 20. Nh2 f4 21. gxf4 exf4
22. Bc5 Qd7 23. Ba3 Rd8 24. Nf3 Rf6 25. e5 Rf5 26. Re1 Bxf3 27. Qxf3 Bxe5 28. h4
Qg7 29. Bh3 Nxd6 30. Bxd6 Rxd6 31. Bxf5 gxf5+ 32. Kh1 Bxb2 33. Rb1 Rd7 34. Qxf4
Qf6 35. Rxb2 Rg7 36. Rb3 Qc6+ 37. Rf3 Kg8 38. Rg1 Qe6 39. Rxg7+ Kxg7 40. Qxf5
Qe7 41. Qg4+ Kh8 42. Kh2 1-0

[Event "11th European Senior"]
[Site "Courmayeur ITA"]
[Date "2011.04.10"]
[Round "5.27"]
[White "Topaloglu, Hayati"]
[Black "Muratoglu, Salih"]
[Result "1/2-1/2"]
[WhiteElo "1881"]
[BlackElo "2076"]
[WhiteFideId "6310338"]
[BlackFideId "6300570"]
[EventDate "2011.04.06"]

1. e4 d6 2. d4 g6 3. Nf3 Bg7 4. Bd3 Nc6 5. c3 Nf6 6. h3 O-O 7. Be3 e5 8. d5 Ne7
9. Nbd2 c6 10. c4 cxd5 11. cxd5 Nh5 12. g4 Nf4 13. Bxf4 exf4 14. Qb3 b6 15. Rc1
Kh8 16. Qb4 f5 17. gxf5 gxf5 18. Nd4 a5 19. Qa4 Bd7 20. Bb5 Bxb5 21. Nxb5 Bxb2
22. Rc2 Be5 23. f3 Ng6 24. Nd4 fxe4 25. Nxe4 Qh4+ 26. Ke2 Ne7 27. Ne6 Rg8 28.
Nxd6 Qh5 29. Nxf4 Bxf4 30. Qxf4 Rg2+ 31. Kf1 Rg7 32. Rg2 Nxd5 33. Qe4 Rxg2 34.
Kxg2 Rf8 35. Qd4+ Kg8 36. Qg4+ Qg6 37. Qxg6+ hxg6 38. Kg3 Rd8 39. Ne4 Nb4 40.
Rb1 Rd3 41. Rb3 Rd1 42. Nc3 Rd3 43. Ne4 Rd1 44. Nc3 Rd6 45. a3 Nc2 46. Na4 Re6
47. Nxb6 Nd4 48. Nd5 Rd6 49. Rb8+ Kf7 50. Ne3 Nc6 1/2-1/2

[Event "11th European Senior"]
[Site "Courmayeur ITA"]
[Date "2011.04.10"]
[Round "5.28"]
[White "Bayer, Wolfgang"]
[Black "Papa, Angelo"]
[Result "1-0"]
[WhiteElo "2073"]
[BlackElo "1866"]
[WhiteFideId "24629251"]
[BlackFideId "812285"]
[EventDate "2011.04.06"]

1. c4 g6 2. Nc3 Bg7 3. g3 e5 4. Bg2 d6 5. e4 Nf6 6. Nge2 O-O 7. O-O Nbd7 8. d3
a5 9. h3 Nc5 10. f4 exf4 11. Bxf4 Be6 12. Kh2 Na6 13. Qd2 c6 14. Bg5 h6 15. Bxh6
Qc7 16. Rf3 Nd7 17. Raf1 Ne5 18. Rf6 Bxh6 19. Qxh6 Nxd3 20. Nf4 Ne5 1-0

[Event "11th European Senior"]
[Site "Courmayeur ITA"]
[Date "2011.04.10"]
[Round "5.29"]
[White "Capece, Adolivio"]
[Black "Smits, Oswald"]
[Result "1/2-1/2"]
[WhiteElo "2049"]
[BlackElo "1870"]
[WhiteFideId "807664"]
[BlackFideId "24619892"]
[EventDate "2011.04.06"]

1. c4 c5 2. Nc3 Nc6 3. g3 g6 4. Bg2 Bg7 5. d3 d6 6. Nf3 Nf6 7. Bg5 h6 8. Bd2 O-O
9. Qc1 Kh7 10. h4 Bg4 11. Nh2 Be6 12. Nd5 Ng8 13. Nf3 Bg4 14. Ng5+ Kh8 15. f3
Bd7 16. h5 gxh5 17. Rxh5 f6 18. Nh3 Be8 19. Rh4 e6 20. Nhf4 Qd7 21. Nh5 Bxh5 22.
Rxh5 Qf7 23. Rh4 e5 24. f4 Nd4 25. e4 Qg6 26. Kf2 f5 27. Qd1 Nf6 28. fxe5 dxe5
29. Kg1 fxe4 30. dxe4 Ng8 31. Kh2 Rf7 32. Qh5 Qxh5 33. Rxh5 Rd8 34. Bg5 Rdd7 35.
Rh1 Ne6 36. Be3 b6 37. Rf5 Nd4 38. Rxf7 Rxf7 39. Rf1 Nf6 1/2-1/2

[Event "11th European Senior"]
[Site "Courmayeur ITA"]
[Date "2011.04.10"]
[Round "5.31"]
[White "Theting, Helge E."]
[Black "Carboni, Giancarlo"]
[Result "1-0"]
[WhiteElo "2016"]
[BlackElo "1827"]
[WhiteFideId "1501275"]
[BlackFideId "843903"]
[EventDate "2011.04.06"]

1. Nf3 c5 2. g3 d6 3. Bg2 Nf6 4. O-O g6 5. d3 Bg7 6. e4 Nc6 7. c3 O-O 8. a4 a6
9. Nbd2 Bg4 10. h3 Bd7 11. Re1 Qc7 12. Nf1 Rad8 13. Be3 h6 14. g4 Ne5 15. Qd2
Nxf3+ 16. Bxf3 Kh7 17. Bf4 e5 18. Bg3 Qc8 19. Ne3 Be6 20. c4 Ng8 21. b4 f5 22.
gxf5 gxf5 23. exf5 Kh8 24. Be4 Bd7 25. Bh4 Rde8 26. Kh2 Nf6 27. Rg1 Rf7 28. Rg6
Nh5 29. Rag1 Nf4 30. f6 Bf8 31. Rg8# 1-0

[Event "11th European Senior"]
[Site "Courmayeur ITA"]
[Date "2011.04.10"]
[Round "5.33"]
[White "D Aulisa, Francesco"]
[Black "Giani, Franco"]
[Result "1-0"]
[WhiteElo "1768"]
[BlackElo "1960"]
[WhiteFideId "821390"]
[BlackFideId "811238"]
[EventDate "2011.04.06"]

1. e4 c5 2. f4 d6 3. Nf3 Nc6 4. Bc4 e6 5. c3 a6 6. O-O b5 7. Be2 Nf6 8. d3 h6 9.
Be3 Be7 10. Nbd2 Ng4 11. Bf2 Nxf2 12. Rxf2 O-O 13. c4 Bb7 14. h3 Bf6 15. Rb1 Nd4
16. b3 b4 17. Kh1 Qa5 18. e5 Be7 19. Ra1 Rad8 20. Nxd4 cxd4 21. Bf3 Qb6 22. Bxb7
Qxb7 23. Qf3 Qb8 24. Re1 dxe5 25. Rxe5 Bd6 26. Re4 Bc7 27. Qh5 Qc8 28. Qc5 Qb8
29. Qh5 a5 30. g4 Qc8 31. g5 hxg5 32. fxg5 Qb7 33. Kg1 Bg3 34. Rf3 f5 35. g6
Bh2+ 36. Kxh2 Qb8+ 37. Kg2 Rf6 38. Qh7+ Kf8 39. Qh8+ Ke7 40. Qxg7+ Ke8 41. Rxe6+ 1-0

[Event "11th European Senior"]
[Site "Courmayeur ITA"]
[Date "2011.04.10"]
[Round "5.34"]
[White "Sevenyuk, Alexey"]
[Black "Belokopyt, Boris"]
[Result "1/2-1/2"]
[WhiteElo "1932"]
[BlackElo "2066"]
[WhiteFideId "13504606"]
[BlackFideId "4152530"]
[EventDate "2011.04.06"]

1. e4 c5 2. Nf3 Nc6 3. d4 cxd4 4. Nxd4 Nf6 5. Nc3 d6 6. Bc4 g6 7. f3 Bg7 8. Be3
O-O 9. Qd2 a6 10. O-O-O Nxd4 11. Bxd4 b5 1/2-1/2

[Event "11th European Senior"]
[Site "Courmayeur ITA"]
[Date "2011.04.10"]
[Round "5.35"]
[White "Vrhovnik, Damir"]
[Black "Benito Alba, Eladio"]
[Result "1-0"]
[WhiteElo "2063"]
[BlackElo "1775"]
[WhiteFideId "14526956"]
[BlackFideId "2225050"]
[EventDate "2011.04.06"]

1. Nf3 Nf6 2. c4 c5 3. d4 cxd4 4. Nxd4 Nc6 5. Nc3 g6 6. e4 Bg7 7. Be3 O-O 8. Be2
d6 9. O-O Nxd4 10. Bxd4 Bd7 11. Qd2 Bc6 12. f3 Ne8 13. Be3 a6 14. Rab1 a5 15. b3
Nc7 16. a3 Qd7 17. Rfd1 b5 18. c5 b4 19. axb4 axb4 20. Na2 Rxa2 21. Qxa2 Ra8 22.
Qc2 Bb5 23. Bc4 Bc3 24. Bd4 Bxc4 25. bxc4 Ra3 26. Bxc3 Rxc3 27. Qd2 Rxc4 28.
cxd6 Na6 29. Qd3 1-0

[Event "11th European Senior"]
[Site "Courmayeur ITA"]
[Date "2011.04.10"]
[Round "5.36"]
[White "Cavatorta, Fosco"]
[Black "Elfert, Aleksandr V."]
[Result "1-0"]
[BlackTitle "IM"]
[WhiteElo "1914"]
[BlackElo "2039"]
[WhiteFideId "809195"]
[BlackFideId "4121325"]
[EventDate "2011.04.06"]

1. d4 Nf6 2. Nf3 d5 3. e3 g6 4. c4 Bg7 5. cxd5 O-O 6. Be2 b6 7. O-O Bb7 8. a4 a6
9. Re1 Re8 10. Bf1 Qxd5 11. Nc3 Qh5 12. e4 Rd8 13. Bf4 Ne8 14. Be2 Qg4 15. Qd2
Qd7 16. Rad1 Nc6 17. d5 Nb4 18. Ne5 Bxe5 19. Bxe5 f6 20. Bd4 c5 21. dxc6 Qxc6
22. b3 e5 23. Bc4+ Kg7 24. Nd5 Nxd5 25. exd5 Rxd5 26. Bxd5 Qxd5 27. f3 exd4 28.
Re7+ Kf8 29. Rde1 g5 30. Qd3 Bc6 31. Qxh7 d3 32. Qh8+ Qg8 33. Qh6+ 1-0

[Event "11th European Senior"]
[Site "Courmayeur ITA"]
[Date "2011.04.10"]
[Round "5.37"]
[White "Levinsky, Gregory"]
[Black "Renzini, Lorenzo"]
[Result "1-0"]
[WhiteElo "2026"]
[BlackElo "1747"]
[WhiteFideId "2805561"]
[BlackFideId "821985"]
[EventDate "2011.04.06"]

1. e4 c5 2. d4 cxd4 3. c3 Nf6 4. e5 Nd5 5. Nf3 e6 6. Bc4 Nb6 7. Bb3 dxc3 8. Nxc3
d5 9. Bg5 Be7 10. Bf4 Nc6 11. O-O a6 12. Qe2 Bd7 13. Rfd1 Na5 14. Bc2 Rc8 15.
Rac1 O-O 16. Nd4 Bg5 17. Qg4 Bxf4 18. Qxf4 Nac4 19. Rd3 Qc7 20. Rh3 g6 21. Qh6 1-0

[Event "11th European Senior"]
[Site "Courmayeur ITA"]
[Date "2011.04.10"]
[Round "5.38"]
[White "Frank, Albert"]
[Black "Beltrami, Nerio"]
[Result "1/2-1/2"]
[WhiteElo "1909"]
[BlackElo "1956"]
[WhiteFideId "200948"]
[BlackFideId "816191"]
[EventDate "2011.04.06"]

1. e4 d6 2. Nc3 Nf6 3. Nf3 g6 4. Bc4 Bg7 5. O-O O-O 6. Re1 e5 7. d4 Nc6 8. dxe5
Nxe5 9. Nxe5 dxe5 10. Qxd8 Rxd8 11. Bg5 c6 12. Rad1 Re8 13. Rd6 Nd7 14. Red1 Nb6
15. Bb3 h6 16. Be3 g5 17. a4 Bg4 18. f3 Be6 19. Bxe6 fxe6 20. Bxb6 axb6 21. Rd7
Bf8 22. Rxb7 Bc5+ 23. Kf1 Bd4 24. Rc7 Rec8 25. Rxc8+ Rxc8 26. Rd3 Ra8 27. Ke2
Kf7 28. b3 Ke8 29. Nd1 Bc5 30. c3 Ke7 31. Nb2 b5 32. h3 Ba3 33. Rd2 Bxb2 34.
Rxb2 bxa4 35. Ra2 a3 36. Kd3 Kd6 37. b4 c5 38. b5 Ra4 39. c4 Kc7 40. Kc3 Kb6 41.
g3 h5 42. h4 gxh4 43. gxh4 Ka5 44. Kb3 Rb4+ 45. Kxa3 Rxc4 46. Kb3+ Kxb5 47. Rg2
Rb4+ 48. Kc2 Ra4 49. Rg5 Ra3 50. Rxh5 Rxf3 51. Rxe5 Rf4 52. h5 Kc4 53. Rxe6 Kd4
54. h6 Rh4 55. Rc6 Kxe4 56. h7 Rh5 57. Rc7 Kd4 58. Kd2 Rh3 59. Ke2 Kd5 60. Kd2
Ke5 61. Rg7 c4 1/2-1/2

[Event "11th European Senior"]
[Site "Courmayeur ITA"]
[Date "2011.04.10"]
[Round "5.39"]
[White "Schiappacasse, Marcello"]
[Black "Pipitone, Antonio"]
[Result "0-1"]
[WhiteElo "1896"]
[BlackElo "2012"]
[WhiteFideId "808369"]
[BlackFideId "804541"]
[EventDate "2011.04.06"]

1. e4 c5 2. Nf3 d6 3. d4 cxd4 4. Nxd4 Nf6 5. Nc3 Nc6 6. Bg5 e6 7. Qd2 a6 8.
O-O-O h6 9. Nxc6 bxc6 10. Bf4 d5 11. Qe3 Be7 12. Be2 Nd7 13. exd5 cxd5 14. Bf3
O-O 15. Bxd5 exd5 16. Nxd5 Bf6 17. Bc7 Qe8 18. Qf3 Bg5+ 19. Kb1 Bb7 20. Rhe1 Qc8
21. Bd6 Bxd5 22. Rxd5 Re8 23. Red1 Qc4 24. R5d4 Qe6 25. Qb7 Bf6 26. Rd5 Nb6 27.
R5d3 Nc4 28. Bg3 Bxb2 0-1

[Event "11th European Senior"]
[Site "Courmayeur ITA"]
[Date "2011.04.10"]
[Round "5.40"]
[White "De Polzer, Manfredi"]
[Black "Ivanov, Michail"]
[Result "1-0"]
[WhiteElo "1697"]
[BlackElo "1935"]
[WhiteFideId "835277"]
[BlackFideId "4145224"]
[EventDate "2011.04.06"]

1. d4 e6 2. c4 b6 3. e4 Bb7 4. Nc3 Bb4 5. Bd3 Ne7 6. Ne2 O-O 7. O-O Bxc3 8. Nxc3
d6 9. b3 Nd7 10. f4 f5 11. d5 exd5 12. exd5 a6 13. Bb2 Nf6 14. Qe2 Qd7 15. Rae1
Rae8 16. Qf2 Bc8 17. Re2 Ng6 18. Rfe1 Rxe2 19. Rxe2 Re8 20. g3 Rxe2 21. Nxe2 Ng4
22. Qf3 Qe7 23. Bc1 Qf6 24. h3 Nh6 25. Qe3 Qe7 26. Nd4 Qxe3+ 27. Bxe3 Ne7 28.
Kf2 Kf7 29. Nf3 g6 30. Ng5+ Kg8 31. Be2 Nf7 32. Nf3 Bd7 33. Nh2 h5 34. Bd4 Kh7
35. g4 hxg4 36. hxg4 Ng8 37. g5 Ne7 38. Nf3 Nd8 39. Bf6 b5 40. Nd4 Nb7 41. Ne6
bxc4 42. bxc4 c5 43. Nf8+ Kg8 44. Nxg6 Nc8 45. Kg3 a5 46. a3 Ba4 47. Bd3 Nb6 48.
Ne7+ Kf8 49. Nxf5 Bb3 50. g6 1-0

[Event "11th European Senior"]
[Site "Courmayeur ITA"]
[Date "2011.04.10"]
[Round "5.41"]
[White "Weyand, Fernand"]
[Black "Pintauro, Antonello"]
[Result "1/2-1/2"]
[WhiteElo "1845"]
[BlackElo "1616"]
[WhiteFideId "638633"]
[BlackFideId "878685"]
[EventDate "2011.04.06"]

1. e4 e6 2. d4 d5 3. Nd2 Nf6 4. e5 Nfd7 5. Bd3 c5 6. c3 Qb6 7. Ne2 Nc6 8. Nf3
cxd4 9. cxd4 Bb4+ 10. Bd2 Bxd2+ 11. Qxd2 Qb4 12. O-O Qxd2 13. Nxd2 O-O 14. Rac1
Nb6 15. f4 Bd7 16. Nb3 Nb4 17. Bb1 Bb5 18. Rf2 Bd3 19. a3 Bxb1 20. Rxb1 Na6 21.
Na5 Rab8 22. Nc3 Rfc8 23. Nb5 Nc4 24. Nb3 Ra8 25. Rc1 Nc7 26. Nc3 b6 27. Nd2
Nxb2 28. Rb1 Nc4 29. Nxc4 dxc4 30. f5 1/2-1/2

[Event "11th European Senior"]
[Site "Courmayeur ITA"]
[Date "2011.04.10"]
[Round "5.42"]
[White "Deiana, Giacomo"]
[Black "Diaz Begonte, Manuel"]
[Result "0-1"]
[WhiteElo "1689"]
[BlackElo "1778"]
[WhiteFideId "843750"]
[BlackFideId "2262002"]
[EventDate "2011.04.06"]

1. Nf3 g6 2. c4 c5 3. g3 Nc6 4. Bg2 Bg7 5. O-O d6 6. Nc3 Nf6 7. d4 cxd4 8. Nxd4
Nxd4 9. Qxd4 O-O 10. Qh4 Qb6 11. Rb1 Ng4 12. Nd5 Qd8 13. Qxe7 Rb8 14. Qxd8 Rxd8
15. Ne7+ Kf8 16. Nxc8 Rdxc8 17. Bh3 Rxc4 18. Bf4 Ne5 19. b3 Rc2 20. Rbc1 Rxe2
21. Rfd1 Rd8 22. Rc7 Rxa2 23. Rxb7 g5 24. Be3 g4 25. Bf1 a5 26. Kg2 a4 27. bxa4
Rxa4 28. Rxd6 Rxd6 29. Bc5 Rd4 0-1

[Event "11th European Senior"]
[Site "Courmayeur ITA"]
[Date "2011.04.10"]
[Round "5.43"]
[White "Bonino, Silvano"]
[Black "Acunzo, Domenico"]
[Result "1-0"]
[WhiteElo "1465"]
[BlackElo "1769"]
[WhiteFideId "872660"]
[BlackFideId "825751"]
[EventDate "2011.04.06"]

1. d4 e6 2. Bf4 f5 3. e3 Nf6 4. Be2 d5 5. h3 Bd6 6. Bxd6 Qxd6 7. c3 O-O 8. Nf3
Nbd7 9. O-O Ne4 10. Nbd2 f4 11. Nxe4 dxe4 12. Nd2 Nf6 13. Nc4 Qd5 14. exf4 Qf5
15. Qd2 Nd5 16. Bg4 Qxf4 17. Qxf4 Nxf4 18. Ne5 h5 19. Bd1 b6 20. Bb3 Kh7 21.
Rae1 Bb7 22. Bc2 Nd3 23. Nxd3 exd3 24. Bxd3+ Kh8 25. Rxe6 Bd5 26. Re7 Rf7 27.
Rxf7 Bxf7 28. Re1 Bxa2 29. Bg6 c5 30. Re8+ Rxe8 31. Bxe8 cxd4 32. cxd4 h4 33.
Bh5 g5 34. Bf3 Kg7 35. d5 Kf6 36. Kf1 Ke5 37. Ke2 Bxd5 38. Bxd5 Kxd5 39. Kd3 a5
40. g3 hxg3 41. fxg3 b5 42. h4 gxh4 43. gxh4 Ke5 44. h5 Kf5 45. Kd4 Kg5 46. Kc5
Kxh5 47. Kxb5 Kg5 48. Kxa5 Kf5 49. b4 Ke6 50. Kb6 Kd7 51. Kb7 Kd8 52. b5 Kd7 53.
b6 Kd8 54. Ka7 1-0

[Event "11th European Senior"]
[Site "Courmayeur ITA"]
[Date "2011.04.10"]
[Round "5.44"]
[White "Maestri, Roberto"]
[Black "Gulinelli, Evro"]
[Result "0-1"]
[WhiteElo "1766"]
[BlackElo "1658"]
[WhiteFideId "871354"]
[BlackFideId "802069"]
[EventDate "2011.04.06"]

1. e4 c6 2. d4 d5 3. Nc3 dxe4 4. Nxe4 Nd7 5. Qe2 e6 6. Bf4 Ngf6 7. O-O-O Be7 8.
Nf3 O-O 9. h3 Qa5 10. a3 Nxe4 11. Qxe4 Nf6 12. Qe3 b5 13. Qd2 Qb6 14. Bg5 Bb7
15. Bxf6 Bxf6 16. Ne5 Rfd8 17. Qe3 Rac8 18. c3 a5 19. Bd3 b4 20. Kc2 c5 21. dxc5
b3+ 22. Kb1 Qxc5 23. Qxc5 Rxc5 24. Ng4 Rcd5 25. Nxf6+ gxf6 26. Be2 Rxd1+ 27.
Bxd1 a4 28. Bf3 Bxf3 29. gxf3 Rd2 30. Rg1+ Kf8 31. Rg2 0-1

[Event "11th European Senior"]
[Site "Courmayeur ITA"]
[Date "2011.04.10"]
[Round "5.45"]
[White "Maspero, Alfio"]
[Black "Bardin, Christian"]
[Result "0-1"]
[WhiteElo "1417"]
[BlackElo "1765"]
[WhiteFideId "846058"]
[BlackFideId "638749"]
[EventDate "2011.04.06"]

1. d4 Nf6 2. Bf4 e6 3. e3 b6 4. Nc3 Bb7 5. f3 d5 6. Bd3 Be7 7. Nge2 O-O 8. O-O
Nbd7 9. Ng3 c5 10. Be2 Rc8 11. a3 cxd4 12. exd4 Nb8 13. Bc1 Ba6 14. f4 Bxe2 15.
Qxe2 Nc6 16. Be3 Na5 17. f5 Nc4 18. Bc1 Qd7 19. b3 Nd6 20. Nd1 exf5 21. Ne3 g6
22. h4 Nde4 23. Nxe4 Nxe4 24. Rf3 Bxh4 25. Rh3 Bf6 26. Bb2 Rfe8 27. Rf1 Bg7 28.
Rf4 g5 29. Rxf5 Qd6 30. Rxd5 Qg6 31. Qb5 h6 32. Qa6 Nf6 33. Rb5 Nh5 34. Nf5 Rxc2
35. Qxa7 Re1+ 36. Kh2 Rxb2 37. Qxb6 Rbb1 38. Rxh5 Rh1+ 39. Kg3 Rxh5 0-1

[Event "11th European Senior"]
[Site "Courmayeur ITA"]
[Date "2011.04.10"]
[Round "5.46"]
[White "Hlinschi, Mihai"]
[Black "Lisandri, Luigi"]
[Result "1-0"]
[WhiteElo "1702"]
[BlackElo "1448"]
[WhiteFideId "1206800"]
[BlackFideId "820377"]
[EventDate "2011.04.06"]

1. e4 c5 2. Nf3 Nc6 3. Be2 e6 4. c4 d6 5. Nc3 Nf6 6. O-O Be7 7. a3 e5 8. d3 O-O
9. h3 a6 10. Bd2 h6 11. Rb1 Rb8 12. Qc2 Bd7 13. Rfe1 Re8 14. Bf1 Be6 15. b4 Qd7
16. Nd5 Bxd5 17. cxd5 Nd4 18. Qd1 b6 19. Nh2 Rec8 20. f4 b5 21. Nf3 Nxf3+ 22.
Qxf3 Rc7 23. g4 Rbc8 24. Rec1 cxb4 25. axb4 Rxc1 26. Rxc1 Bd8 27. Kg2 Bb6 28.
fxe5 dxe5 29. Rxc8+ Qxc8 30. Kg3 Bd4 31. Bxh6 g6 32. Qxf6 1-0

[Event "11th European Senior"]
[Site "Courmayeur ITA"]
[Date "2011.04.10"]
[Round "5.50"]
[White "Luebbers, Doris"]
[Black "Breidenbach, Heinz"]
[Result "1-0"]
[WhiteElo "1602"]
[BlackElo "1548"]
[WhiteFideId "24630080"]
[BlackFideId "842672"]
[EventDate "2011.04.06"]

1. d4 d5 2. Bf4 Nf6 3. e3 e6 4. c3 Be7 5. Be2 O-O 6. h3 c5 7. Nf3 Nbd7 8. O-O b6
9. Nbd2 Bb7 10. Ne5 Re8 11. Bb5 Rc8 12. Qa4 Bd6 13. Ndf3 Re7 14. Nxd7 Nxd7 15.
Bxd6 Bc6 16. Bxe7 Bxb5 17. Bxd8 Bxf1 1-0

[Event "11th European Senior"]
[Site "Courmayeur ITA"]
[Date "2011.04.11"]
[Round "6.1"]
[White "Cebalo, Miso"]
[Black "Butnorius, Algimantas"]
[Result "1/2-1/2"]
[WhiteTitle "GM"]
[BlackTitle "GM"]
[WhiteElo "2486"]
[BlackElo "2388"]
[WhiteFideId "14500094"]
[BlackFideId "12800066"]
[EventDate "2011.04.06"]

1. c4 e5 2. g3 Nf6 3. Bg2 c6 4. d4 exd4 5. Qxd4 d5 6. cxd5 cxd5 7. Nf3 Nc6 8.
Qa4 Bc5 9. O-O O-O 10. Bg5 h6 11. Bxf6 Qxf6 12. Nc3 Be6 13. Rac1 Bb6 14. Qb5 d4
15. Na4 Rfd8 16. Nxb6 axb6 17. a3 d3 18. Rfd1 Bf5 19. Qxb6 dxe2 20. Re1 Bg4 21.
Qb3 Bxf3 22. Qxf3 Qxb2 23. Qxe2 Qxe2 1/2-1/2

[Event "11th European Senior"]
[Site "Courmayeur ITA"]
[Date "2011.04.11"]
[Round "6.4"]
[White "Kupreichik, Viktor D"]
[Black "Rosino, Antonio"]
[Result "1-0"]
[WhiteTitle "GM"]
[BlackTitle "FM"]
[WhiteElo "2431"]
[BlackElo "2233"]
[WhiteFideId "13500066"]
[BlackFideId "800376"]
[EventDate "2011.04.06"]

1. e4 e5 2. Nf3 Nc6 3. Bb5 a6 4. Ba4 Nf6 5. O-O Be7 6. Re1 b5 7. Bb3 d6 8. a4
Bb7 9. c3 Na5 10. Bc2 c5 11. d4 cxd4 12. cxd4 Qc7 13. axb5 axb5 14. Nc3 b4 15.
Ba4+ Nd7 16. Nd5 Bxd5 17. exd5 f6 18. Bd2 O-O 19. Bxb4 Nb6 20. Bb5 Nb7 21. Rc1
Qd8 22. Qb3 Rf7 23. Ra1 Bf8 24. Bc6 Qb8 25. dxe5 fxe5 26. Nxe5 1-0

[Event "11th European Senior"]
[Site "Courmayeur ITA"]
[Date "2011.04.11"]
[Round "6.5"]
[White "Lederman, Leon"]
[Black "Tseitlin, Mark D"]
[Result "0-1"]
[WhiteTitle "IM"]
[BlackTitle "GM"]
[WhiteElo "2266"]
[BlackElo "2420"]
[WhiteFideId "2800403"]
[BlackFideId "2800128"]
[EventDate "2011.04.06"]

1. e4 c5 2. Nf3 d6 3. d4 cxd4 4. Nxd4 Nf6 5. Nc3 a6 6. f4 Nbd7 7. a4 b6 8. Bd3
Bb7 9. O-O g6 10. Qe1 Bg7 11. Nf3 Nc5 12. f5 gxf5 13. exf5 Qd7 14. Qe2 Rg8 15.
Bf4 Nxd3 16. Qxd3 O-O-O 17. Ra3 Qc6 18. Nb5 Kb8 19. Nbd4 Qe4 20. Qxe4 Nxe4 21.
g3 Nc5 22. Re3 Bf6 23. b3 h5 24. h4 Rg4 25. Rfe1 Kc8 26. c3 Nd7 27. Nh2 Rgg8 28.
Nhf3 Ne5 29. Ng5 Bd5 30. c4 Bb7 31. Rd1 Rd7 32. Kf1 Ng4 33. Re2 Ne5 34. Re3 Rc7
35. Ne2 Ng4 36. Red3 Rc5 37. Nxf7 Rf8 38. Nh6 Nxh6 39. Bxh6 Rxf5+ 40. Ke1 Rg8
41. Be3 Be4 42. R3d2 Rf3 43. Bxb6 Rxb3 44. Bd4 Bxd4 45. Rxd4 Bf3 46. R1d3 Rb1+
47. Kf2 Bg4 48. Rf4 Rb2 49. Re3 Kd7 50. Rfe4 e6 51. Ra3 Rf8+ 52. Ke1 Rc8 53.
Rae3 Rb4 54. Rf4 Rcxc4 0-1